| 000 | 00855nac a22002657a 4500 | ||
|---|---|---|---|
| 001 | BR8402762 | ||
| 003 | BR-BrBNA | ||
| 005 | 20240105120030.0 | ||
| 008 | 230509b bl.|||m| |||| 00| 0 por d | ||
| 040 |
_aBR-BrBNA _bpor _cBiblioteca Nacional de Agricultura |
||
| 072 | _aN20 | ||
| 090 | _a5300 BR8402762 | ||
| 100 | 1 | _aBellaver, C. | |
| 100 | 1 | _aFreitas, A.R. de | |
| 110 | 1 | _aCentro Nacional de Pesquisa de Suinos e Aves, Concordia, SC (Brasil) | |
| 245 | 1 | _aQue altura deve ter o comedouro para suinos? | |
| 260 | 3 |
_aConcordia, SC (Brasil): _c1984. |
|
| 300 | _a2 p. | ||
| 490 |
_aComunicado Tecnico - Centro Nacional de Pesquisa de Suinos e Aves (Brazil) _vno. 77 _xISSN 0100-8862 |
||
| 650 | _aCOMEDOURO | ||
| 650 | _aSUINO | ||
| 650 | _aINSTALACAO AGRICOLA | ||
| 909 |
_a202312 _bLúcia Elande _c55 _dLúcia Elande |
||
| 942 |
_2AGRIS _n0 _cMS |
||
| 999 |
_c277607 _d277607 |
||